000
00363nam a2200133Ia 4500
008
151001s9999||||xx |||||||||||||| ||und||
100
_a
झांडमन फेलिक्स
245
_a
विशेष पव
250
_a
1
260
_b
सृजन एंटरप्रायजेस
260
_c
2008
300
_a
410
365
_b
21
999
_c
990824
_d
990821